| 000 | 02147cam a22005294i 4500 | ||
|---|---|---|---|
| 003 | PE-LiUPU | ||
| 005 | 20250731173527.0 | ||
| 008 | 150616s1990 ag r 000 0 spa d | ||
| 035 | _a(Sirsi) a8576 | ||
| 040 |
_aPE-LiUPU _bspa _cPE-LiUPU _dPE-LiUPU _erda |
||
| 049 | _aPRUA | ||
| 050 |
_aBX6146 _b.TSES |
||
| 082 | 0 | 4 |
_a286.73 _bS78 _221 |
| 082 | 0 | 4 |
_a286.7325 _bTSES _221 |
| 100 | 1 |
_aWhite, Elena G., _eautor. |
|
| 245 | 1 | 0 |
_aTestimonios sobre la escuela sabática / _cElena G. de White. |
| 264 | 1 |
_aBuenos Aires : _bCasa Editora Unión Sudamericana, _c1990. |
|
| 300 |
_a116 páginas ; _c20 centímetros |
||
| 336 |
_atext _2rdacontent |
||
| 337 |
_aunmediated _2rdamedia |
||
| 338 |
_avolume _2rdacarrier |
||
| 505 | 0 | _aCompilación de los escritos de la Señora Elena de White sobre la obra de la escuela sabática. | |
| 526 | _aSEG42 | ||
| 526 | _aSEG41 | ||
| 526 | _aSEG40 | ||
| 526 | _aSEG39 | ||
| 526 | _aP94 | ||
| 526 | _aP87 | ||
| 526 | _aP86 | ||
| 526 | _aP85 | ||
| 526 | _aP77 | ||
| 526 | _aP76 | ||
| 526 | _aP35 | ||
| 650 | 0 | 4 |
_aEscuela Sabática _xestudio y enseñanza. |
| 910 |
_ajck _bjvq _cjck |
||
| 942 |
_2ddc _cBOOK |
||
| 994 |
_aC0 _bPEPRU |
||
| 596 | _a1 4 | ||
| 999 |
_a286.73 S78 _wDEWEY _c59940 _i47451 _d59940 _f2021-11-11 _g6 _lCCODEBUL1 _mBUL _p20.00 _q1 _r0 _sY _tBOOK _u2015-4-23 _xTEOLOGIA _PP35 _0COMPRA _o.STAFF. Colección Teología |
||
| 999 |
_a286.73 S78 _wDEWEY _c2 _i47452 _d2018-10-15 _e2018-10-11 _f2021-11-11 _g6 _lCCODEBUL1 _mBUL _n2 _p20.00 _r0 _sY _tBOOK _u2015-4-23 _xTEOLOGIA _PP35 _0COMPRA _o.STAFF. Colección Teología |
||
| 999 |
_a286.7325 TSES _wDEWEY _c1 _iCW09753 _f2021-12-22 _g2 _lCCODECWL1 _mBWL _p20.00 _r1 _sY _tBOOK _u2015-4-23 _xWHITE _zP35 _0COMPRA _o.STAFF. Centro White |
||
| 999 |
_a286.7325 TOES _wDEWEY _c1 _i00348 _d2016-9-15 _e2016-9-8 _f2019-12-11 _g4 _lCCODECWL1 _mBWL _n1 _p20.00 _r1 _sY _tBOOK _u2015-4-23 _xTEOLOGIA _zP35 _0COMPRA _o.CIRCNOTE. _o.STAFF. Colección Teología |
||
| 980 |
_81 _gALBERTO SANCHEZ Responsable de Automatización |
||